000 00655nam a2200217Ii 4500
003 JO-AjNU
008 230605s9999||||xx |||||||||||||| ||und||
017 _a2005/4/870
040 _aJO-AjNU
_bara
_erda
_cJO-AjNU
041 _aara
050 1 4 _aPJ7860.A631.H82 2005
100 3 _aتأليف الراسخ،سوزان,
_eauthor
_924009
245 0 0 _aالحب والجسور: رواية
250 _aط1
264 3 1 _aعمان:دار الكرمل،2005
300 _a244ص
336 _atext
_btxt
_2rdacontent
337 _aunmediated
_bn
_2rdamedia
338 _avolume
_bnc
_2rdacarrier
650 4 _aالأدب العربي - روايات
_924010
999 _aA8775
_c12343
_d12343